[Event "EIWCC 2017"]
[Site "Riga"]
[Date "2017.04.11"]
[Round "1"]
[White "Nechaeva, Marina"]
[Black "Sazonova, Anastasia"]
[Result "0-1"]
[WhiteElo "2395"]
[BlackElo "2143"]
[Annotator "TA"]
[PlyCount "48"]
[EventDate "2017.??.??"]
[EventType "swiss"]
[EventCountry "LAT"]
[SourceTitle "playchess.com"]
[Source "ChessBase"]
[SourceQuality "1"]

{[%evp 25,48,0,36,0,0,0,0,0,-14,-22,-21,-368,-374,-369,-362,-365,-363,-1246,-1145,-1335,-1300,-1182,-1173,-29994,-29995]} 1. d4 d5 2. c4 c6 3. Nf3 Nf6 4. e3 Bf5 5. Nc3 e6 6. Nh4 Be4 7. f3 Bg6 8. Qb3 Qc7 9. Bd2 {D12: Slav Defence: 3 Nf3 Nf6 4 e3 Bf5} Be7 (9... a6 10. Rc1 dxc4 11. Bxc4 Nbd7 12. a4 Be7 13. g3 Bh5 14. O-O O-O 15. Ng2 Rad8 16. Nf4 Kh8 {½-½ (34) So,W (2822)-Caruana,F (2817) chess.com INT 2017}) 10. Nxg6 hxg6 11. g3 a6 12. Rc1 dxc4 13. Bxc4 c5 {LiveBook: 4 Games} 14. dxc5 Nc6 ({Much worse is} 14... Bxc5 $6 15. Bxe6 $1 {[%mdl 512]} fxe6 16. Qxe6+ Kf8 17. Ne2 $16) 15. Qb6 Qd7 $146 (15... Qb8 16. Na4 Rxh2 17. Rxh2 Qxg3+ {½-½ (26) Gomez Garrido,C (2560)-Baghdasaryan,V (2488) Barcelona 2016}) 16. Be2 Rd8 17. Rc2 Rh5 18. Na4 $2 {[%mdl 8192] [#]} (18. Nb1 $11) 18... Rd5 $1 $19 {[%cal Rd5d2]} 19. Kf2 Rxd2 20. Rxd2 Qxd2 21. Qxb7 $2 (21. Rd1 Qc2 22. Rxd8+ Nxd8 23. Qb3 Qxb3 24. axb3) 21... Ne5 {( -> ...Nd3+)} 22. Rd1 Nfg4+ 23. fxg4 Nxg4+ 24. Kg1 Qxe3+ ({Less strong is} 24... Qxe2 25. Rxd8+ Bxd8 26. Qc6+ Kf8 27. Qd6+ Kg8 28. Qxd8+ Kh7 29. Qh4+ Nh6 30. Nc3 Qxe3+ 31. Kf1 $17) 0-1

[Event "EIWCC 2017"]
[Site "Riga"]
[Date "2017.04.11"]
[Round "1"]
[White "Tsolakidou, Stavroula"]
[Black "Gueci, Tea"]
[Result "1/2-1/2"]
[WhiteElo "2395"]
[BlackElo "2132"]
[Annotator "TA"]
[PlyCount "80"]
[EventDate "2017.??.??"]
[EventType "swiss"]
[EventCountry "LAT"]
[SourceTitle "playchess.com"]
[Source "ChessBase"]
[SourceQuality "1"]

{[%evp 17,80,44,35,36,44,42,53,35,14,0,0,0,0,-5,-7,-5,25,25,23,28,31,0,12,-44,-50,-50,-36,-107,-63,-70,-31,-31,-35,-33,-30,-93,-89,-131,-127,-127,-120,-148,-141,-141,-141,-141,-141,-141,-141,-148,-148,-120,-114,-141,-138,-122,-129,-148,-141,-148,0,-148,0,-148,0]} 1. d4 d5 2. c4 c6 3. Nf3 Nf6 4. g3 Bf5 5. Nc3 {D11: Slav Defence: 3 Nf3 sidelines and 3...Nf6 4 e3 Bg4} e6 6. Nh4 Be4 (6... Bg4 7. Qb3 Qb6 8. h3 Bh5 9. g4 Bg6 10. Nxg6 hxg6 11. Bg2 Na6 12. Bf4 Qb4 {1-0 (46) Gelfand,B (2734)-Inarkiev,E (2730) Magas 2016}) 7. f3 Bg6 8. Qb3 Qb6 9. Nxg6 hxg6 {LiveBook: 11 Games} 10. c5 Qxb3 11. axb3 Na6 12. Ra4 $146 e5 13. e3 Nc7 $1 ({Reject} 13... exd4 $6 14. Bxa6 (14. exd4 Nc7 $11) 14... dxc3 15. Bxb7 $16) 14. b4 exd4 15. exd4 a6 16. Kf2 O-O-O 17. h4 Nd7 18. Bh3 Be7 19. Bf4 (19. Ne2 $5 {is interesting.} Rde8 20. Ra1 Bf6 21. Bf4 Ne6 22. Be3) 19... f5 20. Bxc7 (20. Raa1 $11) 20... Kxc7 $15 21. Ne2 Bf6 22. h5 (22. Ra3 $15) 22... gxh5 {aiming for ...g6.} 23. Bxf5 g5 24. Raa1 Rdf8 25. Rad1 Bg7 (25... Bd8 $5 {looks sharper.} 26. Bd3 Rh6 27. Rdg1 Rf7 28. f4 Nf8) 26. Bxd7 (26. Bd3 $11) 26... Kxd7 $17 27. Kg2 Re8 $36 {[%mdl 2048] Keeping White busy.} 28. Nc3 h4 29. g4 Rhf8 30. Rd3 Re7 31. Rhd1 Rfe8 32. Kf2 Bf6 33. R3d2 Re6 34. Re2 Bd8 35. Rxe6 Rxe6 {KRB-KRN} 36. Ne2 Bc7 37. Rh1 Rf6 38. Ke3 Re6+ 39. Kf2 Rf6 40. Ke3 $1 Re6+ (40... Ke6 $17 41. Kf2 Kd7) 1/2-1/2

[Event "EIWCC 2017"]
[Site "Riga"]
[Date "2017.04.11"]
[Round "1"]
[White "Savina, Anastasia"]
[Black "Hapala, Elisabeth"]
[Result "1-0"]
[WhiteElo "2378"]
[BlackElo "2091"]
[Annotator "NA"]
[PlyCount "97"]
[EventDate "2017.??.??"]
[EventType "swiss"]
[EventCountry "LAT"]
[SourceTitle "playchess.com"]
[Source "ChessBase"]
[SourceQuality "1"]
[TimeControl "40/5400+30:1800+30"]

1. d4 {[%emt 0:00:00]} d5 {[%emt 0:00:05]} 2. c4 {[%emt 0:00:00]} c6 {[%emt 0:00:03]} 3. Nf3 {[%emt 0:00:00]} Nf6 {[%emt 0:00:03]} 4. Nc3 {[%emt 0:00:04]} dxc4 {[%emt 0:00:10]} 5. a4 {[%emt 0:00:12]} Bf5 {[%emt 0:00:09]} 6. Ne5 {[%emt 0:00:20]} Nbd7 {[%emt 0:00:33]} 7. Nxc4 {[%emt 0:00:07]} Nb6 {[%emt 0:00:14]} 8. Ne5 {[%emt 0:00:07]} a5 {[%emt 0:00:08]} 9. Bg5 {[%emt 0:00:47]} g6 {[%emt 0:04:20]} 10. e3 {[%emt 0:02:00]} Bg7 {[%emt 0:00:28]} 11. Bd3 {[%emt 0:00:12]} Be6 {[%emt 0:14:54] LiveBook: 21 Games} 12. Be2 {[%emt 0:01:35]} O-O {[%emt 0:12:20]} 13. O-O {[%emt 0:02:03]} Nfd5 {[%emt 0:07:53]} 14. Nd3 $14 {[%emt 0:07:29]} f6 {[%emt 0:17:06]} 15. Bh4 {[%emt 0:03:03]} Bf7 {[%emt 0:00:39]} 16. Ne4 {[%emt 0:20:32]} Nd7 {[%emt 0:03:46]} 17. Rc1 {[%emt 0:04:51]} Qb6 {[%emt 0:02:33]} 18. Nd2 {[%emt 0:05:20]} e5 {[%emt 0:16:03]} 19. Nc4 {[%emt 0:14:36]} Qc7 {[%emt 0:00:12]} 20. e4 {[%emt 0:05:19]} N5b6 {[%emt 0:05:27]} 21. Nxb6 {[%emt 0:14:37]} Qxb6 {[%emt 0:00:12]} 22. dxe5 {[%emt 0:00:14]} Nxe5 {[%emt 0:00:37]} 23. Nxe5 {[%emt 0:07:27]} fxe5 {[%emt 0:00:02]} 24. Qc2 {[%emt 0:00:52]} Kh8 {[%emt 0:02:55]} 25. Be7 {[%emt 0:02:45]} Rfe8 {[%emt 0:00:04]} 26. Bc5 {[%emt 0:00:05]} Qc7 {[%emt 0:03:56]} 27. Bc4 {[%emt 0:03:57]} Bxc4 {[%emt 0:00:48]} 28. Qxc4 {[%emt 0:00:01]} Bf8 {[%emt 0:02:59]} 29. Be3 {[%emt 0:00:53]} Rad8 {[%emt 0:01:04]} 30. h3 {[%emt 0:04:49]} Rd7 {[%emt 0:02:32]} 31. Qb3 {[%emt 0:00:34]} Bb4 {[%emt 0:00:14]} 32. Rcd1 {[%emt 0:00:23]} Red8 {[%emt 0:01:53]} 33. Bg5 {[%emt 0:00:40]} Be7 {[%emt 0:01:59]} 34. Bxe7 {[%emt 0:00:27]} Rxe7 {[%emt 0:00:04]} 35. Rxd8+ {[%emt 0:00:32]} Qxd8 {[%emt 0:00:01]} 36. Rd1 {[%emt 0:00:06]} Rd7 {[%emt 0:00:14]} 37. Rxd7 {[%emt 0:00:45]} Qxd7 {[%emt 0:00:01]} 38. Qc3 {[%emt 0:00:44]} Qd1+ {[%emt 0:02:07]} 39. Kh2 {[%emt 0:00:01]} Qd4 {[%emt 0:00:31]} 40. Qxa5 {[%emt 0:00:00]} Qxe4 {[%emt 0:00:32]} 41. Qa8+ {[%emt 0:08:20]} Kg7 {[%emt 0:00:04]} 42. Qxb7+ {[%emt 0:00:04]} Kh6 {[%emt 0:05:10]} 43. Qa7 {[%emt 0:04:15]} Qd5 {[%emt 0:12:06]} 44. Qe7 {[%emt 0:09:14]} Qd4 {[%emt 0:04:58]} 45. Qf8+ {[%emt 0:00:59]} Kg5 {[%emt 0:00:44]} 46. b4 {[%emt 0:00:37]} h5 {[%emt 0:04:26]} 47. g3 {[%emt 0:01:44]} Qd2 {[%emt 0:03:36]} 48. h4+ {[%emt 0:01:21]} Kg4 {[%emt 0:00:09]} 49. Kg2 {[%emt 0:00:20]} 1-0

[Event "EIWCC 2017"]
[Site "Riga"]
[Date "2017.04.11"]
[Round "1"]
[White "Fuchs, Judith"]
[Black "Muzychuk, Mariya"]
[Result "0-1"]
[WhiteElo "2274"]
[BlackElo "2546"]
[Annotator "TA"]
[PlyCount "130"]
[EventDate "2017.??.??"]
[EventType "swiss"]
[EventCountry "LAT"]

{[%evp 22,130,28,31,37,16,48,57,52,64,73,32,34,38,29,11,130,131,130,81,71,0,0,0,0,0,0,0,47,51,59,3,91,34,22,0,35,38,38,10,57,-210,20,0,39,52,49,54,47,24,22,32,22,25,50,12,38,-19,0,-45,-44,-38,-44,-51,-32,-32,-32,-210,-200,-415,-32,-32,-33,-83,-77,-99,-74,-83,-8,-4133,-1803,-29959,-29962,-29965,-29966,-29965,-29966,-29970,-29971,-29971,-29972,-29972,-29973,-29973,-29974,-29976,-29976,-29974,-29977,-29981,-29978,-29978,-29979,-29978,-29978,-29990,-29977,-29977,-29977,-29990,-300]} 1. e4 c5 2. Nf3 e6 3. d4 cxd4 4. Nxd4 Nf6 5. Nc3 Nc6 6. Ndb5 Bc5 7. Bf4 O-O {B45: Sicilian Four Knights} 8. Bc7 Qe7 9. Bd6 Bxd6 10. Qxd6 Qd8 11. Nc7 (11. Qd2 d5 12. exd5 exd5 13. O-O-O Be6 14. Be2 Qa5 15. Nd4 Nxd4 16. Qxd4 {1-0 (39) Balogh,C (2621)-Cvek,R (2525) Slovakia 2016}) 11... Rb8 12. Be2 {LiveBook: 13 Games} b5 13. e5 ({Stronger than} 13. Bxb5 Rb7 14. e5 Nh5 15. Bxc6 dxc6 16. Qxd8 Rxd8 $17) 13... b4 14. exf6 bxc3 15. fxg7 Kxg7 16. Qg3+ $146 (16. bxc3 $5 {is interesting.} Qf6 17. O-O Qxc3 18. Nb5 Qe5 19. Qxe5+ Nxe5 20. Nxa7 f5 21. Nb5) 16... Kh8 17. Qxc3+ e5 $1 18. Nb5 Rb6 (18... Qf6 $1 $11) 19. O-O-O $16 d5 20. Qc5 Be6 21. Nc7 (21. f4 $16) 21... Qb8 $11 {Threatens to win with ...Rc8.} 22. Na6 Qc8 23. Nc7 $1 {[%cal Rc7d5]} Nb4 24. a3 Rc6 25. Qxb4 Rxc7 26. Rd2 {Black should prevent Qd6.} Rg8 (26... Bf5 $11 27. Qb3 d4) 27. g3 (27. Qh4 $16) 27... Bf5 $14 {[%cal Rc7c2]} 28. Bd1 {Strongly threatening Qd6.} Rg6 29. Re1 Rb6 30. Qh4 f6 31. Qa4 $2 {[%mdl 8192]} (31. f4 $14 {keeps the upper hand.}) 31... d4 $2 {[#]} (31... Kg7 $19 {Hoping for ...d4.} 32. Rxd5 Qb7) 32. Rxd4 $1 $11 {[%mdl 512]} Bd7 (32... Kg7 $5 {looks sharper.} 33. Rg4+ Kf8 34. Rh4 Qe6 35. Rb4 Qa2) (32... exd4 33. Re8+) 33. Rxd7 $1 Qxd7 34. Qxd7 Rxd7 $14 {[%mdl 4096] Endgame KRR-KRB} 35. Bg4 Rd4 36. Bf5 Rbd6 37. Bd3 Kg7 38. h3 h5 39. f3 (39. h4 $14) 39... h4 $11 40. g4 Rxd3 41. cxd3 Rxd3 $15 {KR-KR} 42. Rf1 $1 e4 43. fxe4 Rxh3 {aiming for ...Rh2.} 44. e5 $2 {[#]} ({Better is} 44. Rf5 $15) 44... fxe5 $19 45. Rf5 $2 (45. Kd2) 45... Rg3 $2 (45... Rh1+ $19 46. Kc2 e4) 46. Rxe5 $15 Rxg4 47. Rh5 Kg6 48. Rh8 Kg5 {White must now prevent ...Kf4.} 49. Kd2 Kf4 (49... Rg2+ $17 50. Ke3 Rxb2 51. Rg8+ Kf5) 50. Rh7 $2 {[%mdl 8192]} (50. Ke2 $11) 50... Kg3 $19 51. Rxa7 h3 {Black mates.} 52. Re7 h2 53. Re1 Kh3 ({Weaker is} 53... Kg2 54. Kd3 $17) 54. Rh1 Rg1 55. Rxh2+ Kxh2 {KR-KPP} 56. Kc3 Kg3 57. a4 Kf4 58. Kc4 Ke5 59. Kc5 Rc1+ 60. Kb6 Kd6 61. b4 Rc4 62. Kb5 Rg4 63. Ka5 Kc7 64. Kb5 Kb7 65. Ka5 Rg5+ $2 (65... Kc6 {mates} 66. b5+ Kc5 67. b6 Rb4 68. Ka6 Rxb6+ 69. Ka7 Kc6 70. a5 Rb5 71. a6 Rb6 72. Ka8 Rxa6+ 73. Kb8 Ra4 74. Kc8 Ra8#) 0-1

[Event "EIWCC 2017"]
[Site "Riga"]
[Date "2017.04.11"]
[Round "1"]
[White "Mamedjarova, Turkan"]
[Black "Dzagnidze, Nana"]
[Result "0-1"]
[WhiteElo "2267"]
[BlackElo "2528"]
[Annotator "TA"]
[PlyCount "50"]
[EventDate "2017.??.??"]
[EventType "swiss"]
[EventCountry "LAT"]
[SourceTitle "playchess.com"]
[Source "ChessBase"]
[SourceQuality "1"]

{[%evp 21,50,-61,-50,-36,-23,-72,-68,-78,-64,-156,-144,-166,-99,-204,-196,-284,-275,-268,-307,-404,-385,-555,-547,-654,-639,-671,-633,-880,-766,-767,-788]} 1. d4 d5 2. Nf3 Nf6 3. c4 e6 4. Nc3 c6 5. Bg5 {[%cal Bc1g5,Bg5h4,Bh4g3][%mdl 32]} h6 6. Bh4 dxc4 7. e4 g5 8. Bg3 b5 9. Qc2 Bb7 10. Be2 {D43: Semi-Slav: 5 Bg5 h6} Nbd7 (10... Nh5 11. Be5 Rg8 12. h4 Nf4 13. hxg5 hxg5 14. Bxf4 gxf4 15. d5 Nd7 16. O-O-O Qb6 17. dxe6 fxe6 {1-0 (38) Tomashevsky,E (2747)-Bukavshin,I (2655) Chita 2015}) 11. O-O Nh5 $1 {LiveBook: 12 Games} 12. Rad1 {Black is slightly better.} Nxg3 13. fxg3 Bg7 14. e5 O-O $1 15. h4 $146 (15. b3 $15) (15. b3 cxb3 16. axb3 b4 17. Ne4 c5 18. Nxc5 Nxc5 19. Qxc5 {0-1 (31) Basson,H (1399)-Permykov,A (1738) LSS email 2013}) 15... gxh4 $1 $17 16. gxh4 Qe7 (16... c5 $19 {And now ...cxd4 would win.} 17. dxc5 Qc7) 17. Ne4 {[#]} (17. Qe4 $17) 17... c5 $1 $19 {[%cal Rc5d4]} 18. Nd6 {[#]} (18. dxc5 {was called for.} Nxe5 19. Nd6) 18... Bxf3 $1 19. Bxf3 {[#]} cxd4 $1 {[%mdl 512]} 20. Rxd4 Rab8 ({Weaker is} 20... Bxe5 21. Rg4+ Bg7 22. Qc3 $17) 21. Bh5 (21. Qf2 $142) 21... Nxe5 {Black is clearly winning.} 22. Qe4 Rbd8 23. Nxb5 Qc5 24. a4 Rxd4 25. Nxd4 Nd3 0-1

[Event "EIWCC 2017"]
[Site "Riga"]
[Date "2017.04.11"]
[Round "1"]
[White "Ozturk, Kubra"]
[Black "Batsiashvili, Nino"]
[Result "0-1"]
[WhiteElo "2261"]
[BlackElo "2496"]
[Annotator "TA"]
[PlyCount "146"]
[EventDate "2017.??.??"]
[EventType "swiss"]
[EventCountry "LAT"]
[SourceTitle "playchess.com"]
[Source "ChessBase"]
[SourceQuality "1"]

{[%evp 20,146,27,25,39,53,56,57,74,62,32,49,84,76,79,71,48,18,46,57,33,7,7,7,15,7,7,0,25,0,87,27,74,75,221,195,237,234,222,233,212,217,132,172,179,-711,-732,-691,-723,-715,-720,-718,-716,-689,-655,-574,-454,-644,-630,-622,-607,-664,-664,-664,-658,-781,-760,-679,-453,-587,-458,-437,-425,-773,-726,-760,-753,-800,-777,-749,-627,-633,-618,-575,-627,-879,-908,-931,-927,-921,-916,-912,-881,-910,-843,-816,-616,-614,-597,-589,-580,-215,-220,-560,-529,-812,-812,-804,-790,-29966,-12725,-29961,-29964,-29955,-29963,-12788,-12728,-29974,-5111,-29989,-29990,-29990,-29991,-29993,-29994,-29996,-29997,-29997,-29997]} 1. d4 Nf6 2. c4 c5 3. d5 e6 4. Nc3 exd5 5. cxd5 d6 6. g3 g6 7. Bg2 Bg7 8. Nf3 O-O 9. O-O Re8 10. Bf4 a6 11. a4 {LiveBook: 367 Games} Bf5 {A62: Modern Benoni: Fianchetto Variation without early ...Nbd7} (11... Nh5 12. Bg5 Qc7 13. Qd2 Nd7 14. Rfc1 b6 15. Rab1 Ndf6 16. Nh4 Ng4 17. h3 Ne5 18. b3 f6 19. Be3 f5 {0-1 (45) Jumabayev,R (2611)-Zhigalko,S (2671) Doha 2016}) 12. Nd2 Nh5 13. e4 Nxf4 {White is slightly better.} 14. gxf4 Bc8 15. Nc4 Qf6 $146 (15... f5 16. e5 dxe5 17. fxe5 Bxe5 18. d6 Bxh2+ 19. Kxh2 {1-0 (27) Laustsen,L (2118)-Ukkelberg,O (1956) Helsingor 2016}) 16. Qf3 $1 Nd7 17. Rfe1 Rb8 18. a5 b5 19. axb6 $1 Nxb6 20. e5 dxe5 21. Nxe5 {Hoping for Ne4.} Bf5 22. Rxa6 Qh4 23. Raa1 Bh6 24. Qg3 $36 {[%mdl 2048] White has the initiative.} Qf6 (24... Qxf4 $11 25. Nc6 Rxe1+ 26. Rxe1 Ra8) 25. Nc6 (25. Re2 $16) 25... Rbc8 26. Re5 Nc4 {[#]} (26... Kg7 $16) 27. Rxf5 $1 {[%mdl 512]} Qxf5 28. Bh3 Qf6 29. Bxc8 Bxf4 30. Qh3 $1 ({Resist} 30. Qg4 $6 h5 31. Qh3 (31. Qd7 Nd6 $14) 31... Qg5+ 32. Kh1 Bc1 $14) 30... Qg5+ 31. Kh1 Bc1 {( -> ...Re1+)} 32. Qg4 $4 {[%mdl 8192]} (32. Be6 $18 fxe6 33. Ra7) 32... Re1+ $1 $19 33. Kg2 Ne3+ $1 34. fxe3 Qxe3 {[%csl Ge3][%cal Re1g1]} 35. Rxc1 Qg1+ 36. Kh3 {[#]} Re3+ $1 37. Qg3 Qxc1 38. Qxe3 (38. Na7 $142 Rxg3+ 39. Kxg3) 38... Qxe3+ 39. Kg2 Qd2+ 40. Kf3 Qxb2 41. Ne4 {intending d6.} f5 (41... Qxh2 42. d6 Qh1+ 43. Kf4 Qh4+ 44. Ke5 Qh5+ 45. Kf4 Qh6+ 46. Kf3 Qh1+ 47. Kf4 Qh4+ 48. Ke5 Qh5+ 49. Kf4 Qh4+ $11) 42. Nd6 Qc3+ 43. Kf4 Qd2+ 44. Ke5 Qxh2+ 45. Ke6 {[#]} f4 $1 46. Ke7 (46. Ba6 $142) 46... Qh4+ 47. Ke8 Kg7 48. Ne7 Qf6 49. Ne4 Qf7+ 50. Kd7 f3 51. Ba6 f2 52. Bf1 Qf4 53. Nxc5 Qc1 54. Ne6+ Kf6 55. Bb5 Qb1 56. Ba6 Qa1 57. Bb5 Qa7+ 58. Nc7 Qc5 59. d6 Qxb5+ 60. Nxb5 {Strongly threatening Nd5+.} f1=Q 61. Nc7 $2 (61. Nd4 {nothing else works.}) 61... Kf7 62. Kc8 Qh3+ 63. Kd8 Qa3 64. Nc8 Qc5 (64... h5 $142 65. Ne8 h4 66. d7 Qa5+ 67. Nc7 Qg5+ 68. Ne7 Qxe7+ 69. Kc8 h3 70. d8=Q Qxd8+ 71. Kxd8 h2 72. Kd7 h1=Q 73. Kd6 g5 74. Nb5 g4 75. Nd4 Qe4 76. Nc6 g3 77. Ne5+ Kg7 78. Nd7 Qb4+ 79. Ke6 g2 80. Nf6 g1=Q 81. Nh5+ Kh6 82. Kd7 Qgg4+ 83. Ke8 Qe6+ 84. Kd8 Qbe7#) 65. Na6 Qa5+ 66. Nc7 h5 67. Ne7 Qa3 68. Nc8 Qc5 (68... h4 $142 69. d7 h3 70. Na7 Qf8+ 71. Ne8 Qc5 72. Nc7 Qf8+ 73. Ne8 Qc5 74. Nc8 h2 75. Ned6+ Ke6 76. Ne4 Qb5 77. Kc7 Qxd7+ 78. Kb6 Qd8+ 79. Kb5 h1=Q 80. Nc5+ Ke5 81. Nd6 Qb1+ 82. Kc4 Qxd6 83. Nd7+ Qxd7 84. Kc5 Qd5#) 69. Na8 h4 {Black mates.} 70. d7 h3 71. Nab6 h2 72. Nc4 h1=Q {[%cal Rh1h8]} 73. N4d6+ Ke6 0-1

[Event "EIWCC 2017"]
[Site "Riga"]
[Date "2017.04.11"]
[Round "1"]
[White "Calzetta Ruiz, Monica"]
[Black "Girya, Olga"]
[Result "1/2-1/2"]
[WhiteElo "2257"]
[BlackElo "2470"]
[Annotator "TA"]
[PlyCount "226"]
[EventDate "2017.??.??"]
[EventType "swiss"]
[EventCountry "LAT"]
[SourceTitle "playchess.com"]
[Source "ChessBase"]
[SourceQuality "1"]

{[%evp 20,226,12,6,18,19,17,-10,-2,-14,-15,-48,-31,-32,-24,-46,47,57,40,29,20,27,27,0,0,0,0,0,0,-52,-46,-64,-64,-57,0,0,0,0,0,0,0,0,-1,-1,0,0,0,0,0,0,0,0,0,0,0,-26,-26,-32,-28,-37,-43,-37,-18,-29,0,0,0,0,0,-29,-29,-30,-29,-29,-29,-29,-29,-29,-29,-29,-29,-29,-29,-29,-29,-506,-29,-29,-29,-29,-29,-29,-29,-29,-29,-29,-29,-29,-29,-29,-29,-29,-29,-29,-29,-29,-29,-29,-29,-29,-29,-29,-29,-29,-29,-29,-29,-29,-29,-29,-29,-43,-43,-50,-29,-29,-29,-29,-29,-29,-29,-43,-43,-43,-43,-43,-43,-43,-29,-29,-29,-50,-50,-50,-50,-50,-43,-43,-43,-43,-43,-37,-36,-36,-36,-36,-36,-36,-29,-29,-29,-29,-29,-29,-29,-29,-29,-29,-29,-29,-29,-29,-8,-29,-29,-29,-29,-29,-29,-29,-29,-29,-29,-37,-36,-36,-36,-36,-44,-51,0,0,0,0,0,0,0,0,0,0,0,0,0,0,0,0,0,-8,-8]} 1. e4 c6 2. d4 d5 3. Nd2 dxe4 4. Nxe4 Bf5 5. Ng3 Bg6 6. h4 h6 7. Nf3 e6 8. h5 Bh7 9. Bd3 Bxd3 10. Qxd3 Nf6 11. Bd2 Qb6 {B19: Classical Caro-Kann: 4...Bf5 main line} (11... c5 12. O-O-O Nc6 13. Bc3 Nb4 14. Qb5+ Qd7 15. Qxd7+ Nxd7 16. Kb1 Nd5 17. Bd2 cxd4 18. Nxd4 Bc5 19. Bc1 N7f6 20. f3 {0-1 (42) Plat,V (2532)-Navara,D (2725) Tallinn 2016}) 12. O-O-O Qa6 13. Qb3 c5 14. dxc5 $146 (14. a3 Nc6 15. dxc5 Bxc5 16. Be3 Bxe3+ 17. Qxe3 Ng4 18. Qc5 Qa5 19. Qxa5 Nxa5 {1-0 (50) Haecker,S-Herlein,I Oberhof 1998}) 14... Nbd7 15. Rh4 Nxc5 16. Qc4 b5 17. Qe2 Qxa2 (17... Be7 $15 18. Kb1 (18. Bb4 O-O 19. a4 Rfc8 $11) 18... Qb7) 18. Qxb5+ $14 Nfd7 {[%cal Ra2a1] [#]} 19. Qa5 Qxa5 20. Bxa5 Be7 21. Rg4 Nf6 22. Rc4 O-O 23. Ne5 Rfc8 24. f4 (24. Kb1 $11) 24... Nd5 $15 25. Nf5 Bf8 (25... exf5 $6 26. Rxd5 Ne4 27. Rxc8+ Rxc8 28. Nd3 $14 (28. Rd7 Bc5 $11)) 26. Rdd4 Nb6 (26... exf5 $6 27. Rxd5 Ne4 28. Rxc8 Rxc8 29. Nd3 $14) (26... Rcb8 $15 27. Ng3 Ne3) 27. Bxb6 $1 $11 axb6 28. Nd6 $36 {[%mdl 2048] White is pushing.} Bxd6 29. Rxd6 b5 30. Rb4 Ra1+ 31. Kd2 Rg1 32. g4 f5 33. gxf5 exf5 34. Nc6 $1 {[%cal Rc6e7] [#] Black must now prevent Ne7+.} Rg2+ 35. Kd1 Rg1+ (35... Ra8 $5 36. Rd8+ $8 Rxd8+ 37. Nxd8 Ne4 $11) 36. Kd2 Kh7 37. Rg6 Rh1 ({Don't go for} 37... Rxg6 $2 38. hxg6+ Kh8 39. Rxb5 $18) 38. Rxb5 Ne4+ ({Don't consider} 38... Rxh5 $2 39. Rxc5 Rh2+ 40. Kd3 $18) 39. Ke3 Rxh5 40. Re6 Rh2 41. c4 Rc7 42. Rxf5 Ng3 43. Rfe5 Rxb2 44. Kf3 Nf1 45. c5 Nd2+ 46. Kg4 Nb3 47. f5 Rg2+ 48. Kh3 $1 {[%cal Rh3g2]} Rc2 49. f6 {Hoping for Re7.} Rxc5 ({Of course not} 49... Nxc5 $6 50. Re7 Rc3+ 51. Kg2 Rc2+ 52. Kh3 Rc3+ 53. Kg2 Rc2+ 54. Kh3 $14) 50. Rxc5 Nxc5 51. Re7 Rxc6 52. Rxg7+ {[%mdl 4096] Endgame KRN-KR} Kh8 {Threatens to win with ...Ne4.} 53. Rg6 Ne6 54. Rxh6+ Kg8 55. Kg4 Kf7 56. Kf5 Nf8 57. Ke5 Re6+ 58. Kd5 Re1 59. Kd4 Ng6 60. Rh3 Rf1 61. Ke3 Ra1 {Strongly threatening ...Ra3+.} 62. Rf3 Ra4 63. Rf1 Ne5 64. Rf4 Ra3+ 65. Kd4 Nf3+ 66. Kd5 Ng5 67. Rf1 Ra4 68. Rf2 Ne4 69. Rf1 Nxf6+ 70. Kd6 Ra5 71. Rf2 Ra6+ 72. Ke5 Ke7 {And now ...Ng4+ would win.} 73. Rb2 Ra5+ 74. Kd4 Ra4+ 75. Ke5 Ng4+ 76. Kd5 Ne3+ 77. Kc5 Rc4+ 78. Kb5 Re4 79. Kc5 Ke6 80. Rb8 Rc4+ 81. Kb5 Rc3 {aiming for ...Rb3+.} 82. Re8+ Kd6 83. Rd8+ Ke5 84. Kb4 Rc1 85. Kb3 Rb1+ 86. Kc3 Nd5+ 87. Kc2 Rh1 88. Rg8 Kd4 89. Rg4+ Kc5 {...Ne3+ is the strong threat.} 90. Kd3 Rh3+ 91. Kd2 Rh2+ 92. Kd3 Nb4+ 93. Ke3 Nc2+ 94. Kd3 Ne1+ 95. Ke3 Rh3+ 96. Ke4 Nf3 97. Rg8 Nd2+ 98. Kf4 Rf3+ 99. Ke5 Nc4+ 100. Ke4 Re3+ 101. Kf4 Re7 102. Rc8+ Kd5 103. Rd8+ Nd6 104. Kf3 $1 Ke5 (104... Kc5 $15) 105. Ke3 {The position is equal.} Ra7 106. Kd2 Ra2+ 107. Kc3 Ra3+ 108. Kc2 Ne4 109. Kb2 Re3 110. Rd1 Nc3 111. Rd8 Nd5 112. Re8+ Kd4 113. Rxe3 Nxe3 1/2-1/2

[Event "EIWCC 2017"]
[Site "Riga"]
[Date "2017.04.11"]
[Round "1"]
[White "Sedina, Elena"]
[Black "Hoang, Thanh Trang"]
[Result "1/2-1/2"]
[WhiteElo "2253"]
[BlackElo "2459"]
[Annotator "TA"]
[PlyCount "49"]
[EventDate "2017.??.??"]
[EventType "swiss"]
[EventCountry "LAT"]
[SourceTitle "playchess.com"]
[Source "ChessBase"]
[SourceQuality "1"]

{[%evp 13,49,4,14,8,20,9,12,13,28,22,13,20,18,0,0,0,0,0,9,-7,6,6,6,4,10,12,65,71,72,71,61,0,0,0,0,0,0,0]} 1. e4 e6 2. d4 d5 3. exd5 exd5 4. Nf3 Bd6 5. c4 Nf6 6. Nc3 O-O 7. cxd5 Nbd7 8. Bg5 {C01: French: Exchange Variation} h6 9. Bh4 Nb6 10. Be2 Be7 11. Bxf6 Bxf6 12. Qb3 a5 13. a4 Bf5 14. O-O Qe7 15. Rfc1 $146 (15. Rac1 Qb4 16. Qxb4 axb4 {1-0 (42) Ulybin,M (2390)-Lputian,S (2540) Simferopol 1988}) 15... Rfd8 16. h3 Bg6 17. Ne5 Bxe5 18. dxe5 Qxe5 {[%cal Rb6d5]} 19. Bf3 Bd3 (19... Qf4 $11) 20. Nb5 $14 Bxb5 21. Qxb5 Qd6 {[%cal Rb6d5]} 22. Qc5 (22. Rc2 $14) 22... Nxd5 $11 {The position is equal.} 23. Bxd5 Qxd5 24. Qxd5 Rxd5 25. Rxc7 1/2-1/2